Pays par nombre de McDonald's - Statistiques

Statistiques générales
  • Ce quiz a été pris 351 fois
  • Le résultat moyen est 55 sur 92
Statistiques - réponses
Nombre Pays % Correct
1500 France
100%
13 257 États-Unis
99%
1400 CanaDA
94%
3500 Chine
93%
550 Espagne
93%
120 Russie
93%
2900 Japon
91%
1438 Allemagne
90%
1031 Brésil
89%
660 Italie
89%
1300 Royaume-Uni
89%
220 Argentine
88%
133 Argentine
88%
402 Mexique
87%
175 Portugal
87%
981 Australie
83%
53 Maroc
81%
85 Belgique
80%
300 Inde
78%
447 Corée du Sud
77%
191 Suède
77%
77 Norvège
75%
167 Suisse
75%
492 Pologne
74%
275 Afrique du Sud
73%
67 Finlande
73%
253 Turquie
73%
95 Irlande
72%
25 Grèce
70%
101 Ukraine
70%
77 Chili
69%
166 Nouvelle-Zélande
69%
253 Pays-Bas
68%
185 Colombie
67%
89 Danemark
67%
114 Égypte
67%
10 Luxembourg
67%
84 Roumanie
65%
195 Autriche
64%
224 Indonésie
64%
38 Croatie
63%
103 Hongrie
63%
13 Lettonie
63%
10 Estonie
62%
25 Uruguay
62%
17 Lituanie
61%
2 Monaco
60%
40 Pérou
60%
304 Arabie Saoudite
59%
35 Slovaquie
59%
240 Thaïlande
59%
185 Israël
58%
23 Slovénie
57%
46 Qatar
56%
25 Biélorussie
55%
172 Émirats Arabes Unis
55%
72 Pakistan
55%
109 Tchéquie
55%
5 Andorre
54%
1 Cuba
54%
30 Serbie
54%
25 Vietnam
53%
35 Bulgarie
52%
19 Paraguay
52%
30 Équateur
47%
282 Malaisie
46%
9 Malte
46%
18 Chypre
44%
23 Liban
43%
57 Panama
43%
22 Kazakhstan
42%
136 Singapour
41%
54 Costa Rica
40%
655 Philippines
40%
10 Honduras
39%
24 Oman
39%
95 Guatemala
37%
6 Moldavie
37%
31 Jordanie
36%
31 Jordanie
36%
413 Taïwan
35%
18 Géorgie
33%
77 Koweït
32%
31 République Dominicaine
31%
23 Bahreïn
30%
19 Salvador
28%
19 Azerbaïdjan
27%
3 Bahamas
27%
6 Trinité-et-Tobago
11%
237 Hong Kong
9%
108 Porto Rico
6%
27 Macao
4%
Aucun quiz correspondant
Distribution des résultats
% des personnes avec chaque résultat
Percentile par nombre de réponses
Votre historique - résultats
Vous n’avez pas pris ce quiz